000
00266nam a2200109Ia 4500
008
190912s9999||||xx |||||||||||||| ||und||
100
_a
Adil Salahi
245
0
_a
Muhammad His Character and Conduct
260
_a
India
_b
ILM Trust
_c
2017
300
_a
285
942
_c
BK
999
_c
7858
_d
7858